Dictionary of automotive engineering
Uloženo v:
| Hlavní autor: | |
|---|---|
| Médium: | Kniha |
| Jazyk: | angličtina |
| Vydáno: |
Warrendale
Society of Automotive Engineers
1995
|
| Vydání: | 2a. ed |
| Témata: | |
| Tagy: |
Přidat tag
Žádné tagy, Buďte první, kdo vytvoří štítek k tomuto záznamu!
|
MARC
| LEADER | 00000nam a2200000 a 4500 | ||
|---|---|---|---|
| 001 | UCM2702 | ||
| 003 | CL-VaPUC | ||
| 008 | 020613e19950000us |||||||||||||||||eng|d | ||
| 082 | 0 | 4 | |a 629.203 |b GOO |2 21 |
| 100 | 0 | |a Goodsell, Don |e author |9 469439 | |
| 245 | 1 | 0 | |a Dictionary of automotive engineering |
| 250 | |a 2a. ed | ||
| 300 | |a 265 p | ||
| 942 | |c BK | ||
| 945 | |d 20020613 00:00:00 |a cmena | ||
| 260 | |a Warrendale |b Society of Automotive Engineers |c 1995 | ||
| 650 | 0 | |a Vehículos de motor |9 428686 | |
| 650 | 0 | |a Automóviles |9 260871 | |
| 650 | 0 | |a Diccionarios |9 256200 | |
| 583 | |a last modification |c 20171227 01:27:09 |k Rodrigo Vera | ||
| 999 | |c 300424 |d 300422 | ||
| 952 | |0 0 |1 0 |4 0 |6 629_203000000000000_GOO_1995 |7 0 |8 A |9 358203 |a BIBMEC |b BIBMEC |d 2019-11-21 |i 3819620 |o 629.203 GOO 1995 |p 3819620 |r 2019-11-21 |w 2019-11-21 |y BK |k MEC | ||